00600nam a2200217 a 450000100080000000500110000800800410001902200140006010000200007424500920009426000250018630000100021149000240022165000180024565300290026365300130029270000190030570000220032470000150034670000210036113072932003-10-06 2003 bl uuuu 00u1 u #d a0100-44171 aDEMARCHI, L. C. aPrograma Estadual de Microbacias Hidrográficas - PEMHbadequação de estradas rurais. aCampinas: CATIc2003 a64 p. a(CATI. Manual, 77). aEstrada Rural aMicrobacia hidrográfica aPrograma1 aRABELLO, L. R.1 aSANTOS, N. B. dos1 aFRANCO, O.1 aCORREA, R. O. C.